000 00741nam a2200217Ia 4500
003 GCL
008 140319s9999 xx 000 0 ara d
040 _aGCL /
_cGCL
082 0 4 _a646.4
_bك ت
100 1 _aكفاية سليمان احمد
245 1 0 _aتصميم الازياء والتشكيل على المانيكان باستخدام اسلوب البرمجة /
_cكفاية سليمان احمد
700 1 _aنجوى شكرى محمد مونس
260 _a[S.N] :
_bدار الفكر العربى ،
_c1993
490 _a
650 0 4 _aالملابس
650 0 4 _aتفصيل الملابس
650 0 4 _aتصميم النماذج
650 0 4 _aتصميم الازياء
650 0 4 _aالموضة
942 _2ddc
_cBK
999 _c33361
_d33361